| 000 | 00671cam a22002533a 4500 | ||
|---|---|---|---|
| 001 | 24234 | ||
| 003 | PGUSA | ||
| 005 | 20140828083522.0 | ||
| 008 | 080110s2008||||xxu|||||s|||||000 | eng d | ||
| 040 |
_aPGUSA _beng |
||
| 042 | _adc | ||
| 050 | 4 | _aPL | |
| 100 | 1 |
_aKong, Shangren, _d1648-1718 |
|
| 245 | 1 | 0 |
_a桃花扇 _h[electronic resource] / _cShangren Kong |
| 260 |
_bProject Gutenberg, _c2008 |
||
| 506 | _aPublic domain in the USA. | ||
| 516 | _aElectronic text | ||
| 653 | _aChinese drama | ||
| 740 | 0 | _aTao hua shan | |
| 740 | 0 | _aPeach Blossom Fan | |
| 830 | 0 |
_aProject Gutenberg _v24234 |
|
| 856 | 4 | 0 | _uhttp://www.gutenberg.org/ebooks/24234 |
| 942 | _cEB | ||
| 999 |
_c253489 _d253489 |
||